[Event "XVII OOM Podlaskie - Chlopcy"]
[Site "Suwalki"]
[Date "2011.??.??"]
[Round "8.23"]
[White "Gluszak, Pawel"]
[Black "Mazur, Bartlomiej"]
[Result "1/2-1/2"]
[WhiteElo "1528"]
[BlackElo "1603"]
[PlyCount "63"]
[EventDate "2011.??.??"]

1. e4 e6 2. Qe2 c5 3. f4 Nc6 4. Nf3 Be7 5. g3 d5 6. d3 Nf6 7. Bg2 b6 8. O-O Ba6
9. Nc3 dxe4 10. Nxe4 Rc8 11. Kh1 O-O 12. Rd1 Nxe4 13. Qxe4 Nd4 14. c3 Nxf3 15.
Qxf3 Rc7 16. d4 Rd7 17. Be3 c4 18. Qg4 Bb7 19. f5 Bxg2+ 20. Kxg2 Qa8+ 21. Kg1
Qd5 22. fxe6 fxe6 23. Bf4 Qf5 24. Qxf5 Rxf5 25. Re1 Kf7 26. Re5 Rxe5 27. Bxe5
Bf6 28. Re1 Rd5 29. Bf4 b5 30. a3 a5 31. Kg2 b4 32. a4 1/2-1/2

[Event "XVII OOM Podlaskie - Chlopcy"]
[Site "Suwalki"]
[Date "2011.??.??"]
[Round "9.11"]
[White "Maciejewski, Andrzej"]
[Black "Kowalczyk, Mariusz"]
[Result "0-1"]
[WhiteElo "1721"]
[BlackElo "1765"]
[PlyCount "124"]
[EventDate "2011.??.??"]

1. e4 Nf6 2. e5 Nd5 3. d4 d6 4. c4 Nb6 5. exd6 cxd6 6. Nc3 g6 7. Be3 Bg7 8. Rc1
Nc6 9. b3 O-O 10. Be2 e6 11. Nf3 Ne7 12. O-O Nf5 13. b4 Nxe3 14. fxe3 Bh6 15.
Qd3 d5 16. cxd5 exd5 17. Rce1 Qe7 18. e4 dxe4 19. Nxe4 Bf5 20. Bd1 Nd5 21. Ne5
Kh8 22. Rxf5 gxf5 23. Ng3 Qg5 24. Bb3 Nf4 25. Qf3 Ne6 26. Nxf5 Bg7 27. h4 Qd2
28. Rd1 Qxb4 29. Qg3 Bf6 30. Nd7 Nxd4 31. Qd3 Nxf5 32. Nxf8 Qc5+ 33. Kh1 Rxf8
34. Rf1 Nxh4 35. Rxf6 Qg5 36. Rf2 f6 37. Qd6 Ng6 38. Bc2 Qe5 39. Qb4 Re8 40.
Rf1 Re7 41. Qb3 Kg7 42. Qf3 Qg5 43. Rb1 b6 44. Rf1 Qh6+ 45. Kg1 Qe3+ 46. Qxe3
Rxe3 47. Rd1 Re7 48. Bxg6 hxg6 49. Kf2 Kh6 50. Rd2 Kg5 51. Kf3 Rc7 52. Rd3 Rc2
53. a3 a5 54. a4 Rb2 55. g3 Rb4 56. Ra3 f5 57. Kg2 Kg4 58. Ra2 g5 59. Kh2 Rb3
60. Rc2 Rxg3 61. Rc4+ f4 62. Kh1 Rb3 0-1

[Event "XVII OOM Podlaskie - Chlopcy"]
[Site "Suwalki"]
[Date "2011.??.??"]
[Round "9.12"]
[White "Mucha, Piotr"]
[Black "Zebracki, Tomasz"]
[Result "1-0"]
[WhiteElo "1707"]
[BlackElo "1798"]
[PlyCount "81"]
[EventDate "2011.??.??"]

1. d4 d5 2. c4 e6 3. Nc3 Nf6 4. Nf3 Nbd7 5. e3 Be7 6. Qc2 O-O 7. Bd3 c5 8. O-O
h6 9. Rd1 cxd4 10. exd4 dxc4 11. Bxc4 Nb6 12. Bb3 Nbd5 13. Ne5 Qc7 14. Qd3 Rd8
15. Qg3 Nxc3 16. bxc3 Ne4 17. Qf4 Nd6 18. Qg4 Qxc3 19. Bxh6 Nf5 20. Nxf7 Rxd4
21. Bf4 Rxd1+ 22. Rxd1 Bf6 23. Ng5 Nd4 24. Qh5 Bxg5 25. Qxg5 Ne2+ 26. Kf1 Nxf4
27. Rd8+ Kf7 28. Qxf4+ Qf6 29. Qc7+ Qe7 30. Rxc8 Rxc8 31. Qxc8 g6 32. Ke2 a6
33. g4 Qd6 34. Qxb7+ Kf6 35. Qf3+ Kg7 36. Qe3 Qxh2 37. Qxe6 Qc7 38. g5 Qd8 39.
Qe5+ Kh7 40. Qh2+ Kg7 41. Qh6# 1-0

[Event "XVII OOM Podlaskie - Chlopcy"]
[Site "Suwalki"]
[Date "2011.??.??"]
[Round "9.13"]
[White "Czerw, Dawid"]
[Black "Beczala, Pawel"]
[Result "0-1"]
[WhiteElo "1761"]
[BlackElo "1693"]
[PlyCount "59"]
[EventDate "2011.??.??"]

1. e4 e6 2. d4 d5 3. Nc3 Bb4 4. e5 c5 5. Bd2 Bxc3 6. Bxc3 Nc6 7. f4 Nge7 8. Nf3
c4 9. a4 O-O 10. Be2 Bd7 11. O-O Ng6 12. Qd2 f6 13. b3 cxb3 14. cxb3 Rc8 15.
Bd3 Be8 16. f5 exf5 17. Bxf5 Rc7 18. Rae1 fxe5 19. Nxe5 Rf6 20. Ng4 Rf8 21. Bb4
Nxb4 22. Qxb4 Bd7 23. Bxg6 hxg6 24. Ne5 Bf5 25. Rf2 Qe7 26. Qa5 Be4 27. Rxf8+
Kxf8 28. Nxg6+ Bxg6 29. Rxe7 b6 30. Rxc7 0-1

[Event "XVII OOM Podlaskie - Chlopcy"]
[Site "Suwalki"]
[Date "2011.??.??"]
[Round "9.14"]
[White "Smieszek, Wojciech"]
[Black "Ogonowski, Jakub"]
[Result "0-1"]
[WhiteElo "1741"]
[BlackElo "1690"]
[PlyCount "92"]
[EventDate "2011.??.??"]

1. e4 c5 2. Nf3 d6 3. d4 cxd4 4. Nxd4 Nf6 5. Nc3 a6 6. f3 e5 7. Nb3 Be6 8. Be3
Be7 9. Qd2 Qc7 10. g4 O-O 11. h4 Rc8 12. h5 Nbd7 13. g5 Ne8 14. g6 Nef6 15. h6
fxg6 16. Bh3 Bxh3 17. Rxh3 gxh6 18. Nd5 Qd8 19. O-O-O h5 20. f4 Kh8 21. Nxe7
Qxe7 22. Qxd6 Re8 23. f5 Qxd6 24. Rxd6 Kg7 25. fxg6 hxg6 26. Bg5 Rf8 27. Rf3
Rf7 28. Bxf6+ Nxf6 29. Nc5 g5 30. Ne6+ Kg6 31. Nd8 Rxd8 32. Rxd8 g4 33. Rf1
Nxe4 34. Rg8+ Rg7 35. Rxg7+ Kxg7 36. Rf5 g3 37. Rf1 h4 38. Rh1 g2 39. Rg1 h3
40. Kd1 Kf7 41. Ke2 h2 42. Rxg2 h1=Q 43. Rg4 Nf6 44. Rc4 Qg2+ 45. Ke3 Nd5+ 46.
Kd3 Qf1+ 0-1

[Event "XVII OOM Podlaskie - Chlopcy"]
[Site "Suwalki"]
[Date "2011.04.20"]
[Round "9.15"]
[White "Fronczak, Sebastian"]
[Black "Tomaszewski, Kacper"]
[Result "1/2-1/2"]
[WhiteElo "1712"]
[BlackElo "1775"]
[PlyCount "71"]
[EventDate "2011.??.??"]

1. e4 c5 2. c3 d5 3. exd5 Qxd5 4. d4 Nc6 5. dxc5 Qxd1+ 6. Kxd1 e5 7. b4 Bg4+ 8.
Be2 O-O-O+ 9. Kc2 Bf5+ 10. Kb2 Nf6 11. Nd2 Nd5 12. Nc4 f6 13. Ne3 Be6 14. Bc4
Nce7 15. Ne2 Kc7 16. Nxd5+ Nxd5 17. Bxd5 Bxd5 18. f3 Be7 19. Be3 Bc4 20. Ng3 g6
21. Rad1 f5 22. f4 h5 23. Rhe1 Bf6 24. fxe5 Bxe5 25. Bd4 Bxd4 26. Rxd4 Rxd4 27.
cxd4 Rd8 28. Kc3 Bxa2 29. Re7+ Rd7 30. Rxd7+ Kxd7 31. Ne2 h4 32. b5 g5 33. g3
hxg3 34. hxg3 Bd5 35. Kb4 Bf3 36. Ng1 1/2-1/2

[Event "XVII OOM Podlaskie - Chlopcy"]
[Site "Suwalki"]
[Date "2011.04.20"]
[Round "9.16"]
[White "Czajkowski, Adam"]
[Black "Kowalski, Maciej"]
[Result "0-1"]
[WhiteElo "1802"]
[BlackElo "1704"]
[PlyCount "98"]
[EventDate "2011.??.??"]

1. e4 d5 2. exd5 Nf6 3. d4 Nxd5 4. Nf3 g6 5. Bc4 Bg7 6. O-O O-O 7. c3 c6 8. Re1
Nd7 9. Nbd2 Re8 10. Ne4 h6 11. Bb3 Qc7 12. c4 N5f6 13. Ng3 b6 14. h3 Bb7 15.
Be3 Rad8 16. Qd2 Kh7 17. Rad1 e5 18. Qc1 exd4 19. Nxd4 c5 20. Nb5 Qc6 21. f3
Ne5 22. Rf1 Nd3 23. Qd2 a6 24. Nc3 Qc7 25. Bf2 Ne5 26. Qc2 Bxf3 27. gxf3 Nxf3+
28. Kg2 Nh4+ 29. Kh2 Nh5 30. Nd5 Rxd5 31. Rxd5 Be5 32. Rxe5 Qxe5 33. Qe4 Qxe4
34. Nxe4 Rxe4 35. Bxh4 Rxh4 36. Rxf7+ Kg8 37. Rb7 Rd4 38. Rxb6 Rd2+ 39. Kg1 Nf4
40. h4 Rxb2 41. h5 gxh5 42. Rxh6 a5 43. Ra6 h4 44. Rxa5 h3 45. Rxc5 Rg2+ 46.
Kh1 Ne2 47. Rc8+ Kg7 48. Rc7+ Kf6 49. Rc6+ Ke7 0-1

[Event "XVII OOM Podlaskie - Chlopcy"]
[Site "Suwalki"]
[Date "2011.04.20"]
[Round "9.17"]
[White "Chmielarz, Maciej"]
[Black "Szymanowski, Mateusz"]
[Result "1/2-1/2"]
[WhiteElo "1823"]
[BlackElo "1743"]
[PlyCount "78"]
[EventDate "2011.??.??"]

1. d4 Nf6 2. c4 g6 3. Nc3 Bg7 4. e4 d6 5. f3 O-O 6. Be3 c5 7. d5 e6 8. Bd3 exd5
9. cxd5 Nbd7 10. Nh3 Ne5 11. Nf2 h5 12. Qd2 a6 13. Bh6 c4 14. Bxg7 Kxg7 15. Bc2
Re8 16. Qd4 b5 17. a3 Qc7 18. O-O Qa7 19. Qd2 h4 20. f4 Neg4 21. h3 Nxf2 22.
Rxf2 Qe7 23. Re1 Nh5 24. e5 Ng3 25. Kh2 Bd7 26. Qd4 Bf5 27. Bxf5 gxf5 28. Rf3
Rg8 29. Rfe3 Kf8 30. Qb6 Rg6 31. Qd4 Rg7 32. Qb6 Rg6 33. Qc6 Rd8 34. exd6 Qxd6
35. Re8+ Rxe8 36. Qxe8+ Kg7 37. Qe5+ Kg8 38. Qd4 Rg7 39. Qe5 Rg6 1/2-1/2

[Event "XVII OOM Podlaskie - Chlopcy"]
[Site "Suwalki"]
[Date "2011.??.??"]
[Round "9.18"]
[White "Lebiedowicz, Borys"]
[Black "Lewtak, Dominik"]
[Result "0-1"]
[WhiteElo "1689"]
[BlackElo "1750"]
[PlyCount "65"]
[EventDate "2011.??.??"]

1. e4 c5 2. Nf3 a6 3. c4 e6 4. Nc3 Nc6 5. d4 cxd4 6. Nxd4 Bb4 7. Nxc6 bxc6 8.
Bd2 e5 9. Qg4 Qf6 10. Qg3 h6 11. a3 Bc5 12. Be2 Ne7 13. O-O Bb7 14. Kh1 g5 15.
Rad1 Bd4 16. Be3 c5 17. Bg4 d6 18. Bxd4 cxd4 19. Nd5 Bxd5 20. cxd5 Qg6 21. Rde1
O-O 22. Qh3 f5 23. Bh5 Qf6 24. Bd1 Rab8 25. Bb3 fxe4 26. Rxe4 Nf5 27. Rc1 Ne3
28. Bd1 Rxb2 29. Bf3 Rxf2 30. Rg1 Kh8 31. Qh5 Nxd5 32. Rg4 Nf4 33. Rxf4 0-1

[Event "XVII OOM Podlaskie - Chlopcy"]
[Site "Suwalki"]
[Date "2011.??.??"]
[Round "9.19"]
[White "Chomczyk, Marek"]
[Black "Krawiecki, Stanislaw"]
[Result "1/2-1/2"]
[WhiteElo "1696"]
[BlackElo "1520"]
[PlyCount "117"]
[EventDate "2011.??.??"]

1. e4 c5 2. Nf3 Nc6 3. d4 cxd4 4. Nxd4 Nf6 5. Nc3 e6 6. Ndb5 Bb4 7. a3 Bxc3+ 8.
Nxc3 d5 9. exd5 exd5 10. Bd3 O-O 11. O-O d4 12. Ne2 Qd5 13. Nf4 Qa5 14. Bd2 Qc7
15. Be2 Bf5 16. Nd3 Rfe8 17. Bf4 Qb6 18. Rb1 Rac8 19. Bf3 Ne7 20. Re1 Ng6 21.
Rxe8+ Rxe8 22. Bg3 Nd7 23. h3 Nde5 24. Be2 Nc6 25. Qd2 h6 26. Nf4 Nxf4 27. Bxf4
Qa5 28. Rd1 Qxd2 29. Rxd2 g5 30. Bg3 Bg6 31. f4 Rd8 32. Bd3 Bxd3 33. Rxd3 Kg7
34. Kf2 f5 35. Kf3 Kf6 36. Bf2 a6 37. g4 Ke6 38. fxg5 hxg5 39. gxf5+ Kxf5 40.
Bg3 Rh8 41. Kg2 Re8 42. Rf3+ Kg6 43. Kf2 Ne5 44. Bxe5 Rxe5 45. Rb3 b5 46. Rd3
Rc5 47. Rd2 Kf5 48. Kf3 Rc4 49. Re2 Rc6 50. Rd2 Rc4 51. Rf2 Ke5 52. Re2+ Kf5
53. Kg3 Rc5 54. Kf3 Rc4 55. Rd2 Ke5 56. b3 Rc3+ 57. Kg4 Re3 58. Rf2 Rc3 59.
Re2+ 1/2-1/2

[Event "XVII OOM Podlaskie - Chlopcy"]
[Site "Suwalki"]
[Date "2011.04.20"]
[Round "9.20"]
[White "Osinski, Emil"]
[Black "Maciejewski, Mikolaj"]
[Result "1-0"]
[WhiteElo "1672"]
[BlackElo "1622"]
[PlyCount "31"]
[EventDate "2011.??.??"]

1. e4 c6 2. d4 d5 3. Nc3 dxe4 4. Nxe4 Bf5 5. Ng3 Bg6 6. Nh3 h6 7. Nf4 Bh7 8.
Bc4 Nf6 9. O-O g5 10. Nfh5 Nbd7 11. c3 Qc7 12. f4 g4 13. f5 Bg8 14. a4 c5 15.
Nxf6+ Nxf6 16. Bb5+ 1-0

[Event "XVII OOM Podlaskie - Chlopcy"]
[Site "Suwalki"]
[Date "2011.??.??"]
[Round "9.21"]
[White "Mazur, Bartlomiej"]
[Black "Molenda, Marcin"]
[Result "0-1"]
[WhiteElo "1603"]
[BlackElo "1614"]
[PlyCount "152"]
[EventDate "2011.??.??"]

1. g3 d5 2. d4 e6 3. Bg2 Nd7 4. e3 Ngf6 5. Nd2 Bd6 6. e4 dxe4 7. Nxe4 Nxe4 8.
Bxe4 O-O 9. Ne2 e5 10. O-O Nf6 11. Bg5 h6 12. Bxf6 Qxf6 13. f4 exd4 14. Qxd4
Qxd4+ 15. Nxd4 Bc5 16. Rad1 Rd8 17. c3 Bg4 18. Rd2 c6 19. Kg2 Bxd4 20. cxd4 Rd6
21. h3 Be6 22. b3 Rad8 23. Rfd1 Kf8 24. g4 Bd5 25. Kf3 g5 26. Bxd5 Rxd5 27.
fxg5 hxg5 28. Rd3 R8d6 29. Ke2 Kg7 30. b4 Kg6 31. a3 Rf6 32. Rf1 Rxf1 33. Kxf1
f5 34. Ke2 f4 35. Kf3 Rd8 36. Kf2 Kf6 37. Kf3 Rh8 38. Ke4 Re8+ 39. Kf3 Re1 40.
Kf2 Rb1 41. Rf3 Rb2+ 42. Kg1 Rd2 43. h4 gxh4 44. Rxf4+ Kg5 45. Re4 Ra2 46. Re7
Rxa3 47. Rxb7 Rg3+ 48. Kh2 Rxg4 49. Rxa7 Rxd4 50. Rc7 Rc4 51. Rb7 Kf6 52. b5 c5
53. Rc7 Ke6 54. b6 Kd6 55. Rc8 Rb4 56. Kh3 Rxb6 57. Kxh4 Kd5 58. Kg3 Rf6 59.
Rd8+ Ke4 60. Kg2 c4 61. Kg3 c3 62. Kg2 c2 63. Rc8 Kd3 64. Rd8+ Kc3 65. Rc8+ Kb2
66. Rb8+ Kc1 67. Kg1 Rf4 68. Kg2 Kd2 69. Kg3 Rd4 70. Rb2 Kc3 71. Rxc2+ Kxc2 72.
Kf3 Kd2 73. Kf2 Rf4+ 74. Kg2 Ke2 75. Kg3 Re4 76. Kh3 Kf2 0-1

[Event "XVII OOM Podlaskie - Chlopcy"]
[Site "Suwalki"]
[Date "2011.??.??"]
[Round "9.22"]
[White "Buraczewski, Rafal"]
[Black "Gluszak, Pawel"]
[Result "1/2-1/2"]
[WhiteElo "1631"]
[BlackElo "1528"]
[PlyCount "97"]
[EventDate "2011.??.??"]

1. d4 d5 2. c4 e6 3. Nc3 Nf6 4. cxd5 exd5 5. Bg5 Be7 6. e3 c6 7. Bd3 h6 8. Bh4
O-O 9. Qc2 Re8 10. Nf3 Bg4 11. Ne5 Nbd7 12. h3 Be6 13. Nf3 Nh5 14. Bxe7 Qxe7
15. g4 Nhf6 16. O-O-O Ne4 17. Bxe4 dxe4 18. Qxe4 Nf6 19. Qc2 Nd5 20. Nd2 Nb4
21. Qb1 c5 22. a3 cxd4 23. exd4 Nd5 24. Qa1 Rac8 25. Kb1 Nxc3+ 26. bxc3 Bd5 27.
f3 Qe3 28. Kc2 Bxf3 29. Rde1 Be2 30. Rxe2 Qxe2 31. Qf1 Qe3 32. Qd3 Qe7 33. Rb1
b6 34. Nc4 Red8 35. a4 Qe6 36. Nb2 Qd5 37. Rd1 Rc7 38. Re1 Qg2+ 39. Re2 Qc6 40.
Re3 Rdc8 41. Qe2 Qd7 42. Qd2 Re8 43. Rf3 Qe7 44. Rf2 Qe4+ 45. Qd3 Qe1 46. Nd1
Rce7 47. Kb3 Qe6+ 48. Kc2 Qc6 49. Kb3 1/2-1/2

[Event "XVII OOM Podlaskie - Chlopcy"]
[Site "Suwalki"]
[Date "2011.04.20"]
[Round "9.23"]
[White "Nun, Grzegorz"]
[Black "Mrozowski, Patryk"]
[Result "1-0"]
[WhiteElo "1705"]
[BlackElo "1676"]
[PlyCount "71"]
[EventDate "2011.??.??"]

1. e4 c5 2. Nf3 e6 3. d4 cxd4 4. Nxd4 a6 5. Bd3 Nf6 6. O-O Be7 7. Nc3 d6 8. Be3
Qc7 9. Kh1 Nc6 10. f4 Bd7 11. h3 h6 12. a3 Nxd4 13. Bxd4 e5 14. fxe5 dxe5 15.
Be3 Bc5 16. Bxc5 Qxc5 17. Qf3 O-O-O 18. Nd5 Nxd5 19. exd5 f6 20. c4 Kb8 21. b4
Qe7 22. c5 Bb5 23. Bxb5 axb5 24. Rfd1 Qd7 25. Rac1 Rc8 26. c6 bxc6 27. dxc6 Qe6
28. Rd7 Rc7 29. Rc5 Kc8 30. Rxb5 Rxc6 31. Rdb7 Rc1+ 32. Kh2 e4 33. Qf4 Qe5 34.
Rxe5 fxe5 35. Qxc1+ Kxb7 36. Qe3 1-0

[Event "XVII OOM Podlaskie - Chlopcy"]
[Site "Suwalki"]
[Date "2011.04.21"]
[Round "10.1"]
[White "Gajek, Radoslaw"]
[Black "Swiderski, Radoslaw"]
[Result "1-0"]
[WhiteElo "1997"]
[BlackElo "1785"]
[PlyCount "121"]
[EventDate "2011.??.??"]

1. e4 e6 2. d4 d5 3. Nd2 Nc6 4. Ngf3 Nf6 5. e5 Nd7 6. c3 f6 7. exf6 Qxf6 8. Bb5
Bd6 9. O-O O-O 10. Qa4 a6 11. Bxc6 bxc6 12. b4 a5 13. bxa5 Nb6 14. Qc2 Rxa5 15.
Re1 Qf5 16. Qxf5 Rxf5 17. Nb3 Ra4 18. Nc5 Rc4 19. Be3 e5 20. Reb1 Rxc3 21. Rc1
exd4 22. Nxd4 Rxc1+ 23. Rxc1 Rh5 24. g3 Nc4 25. Nxc6 Bh3 26. Nd3 Nxe3 27. fxe3
Rh6 28. Nd4 Rf6 29. Nf4 Bxf4 30. exf4 Ra6 31. Rxc7 Rxa2 32. Rc2 Ra3 33. Rd2 Kf7
34. Kf2 Ke7 35. Nf3 Kd6 36. Ne5 Rc3 37. Ke2 Bf5 38. Ra2 d4 39. Kd2 Kd5 40. Ra1
Rc2+ 41. Ke1 Rxh2 42. Ra3 Ke4 43. Nf3 Rh1+ 44. Kf2 d3 45. Ra4+ Kd5 46. Ra5+ Ke6
47. Nd4+ Kf6 48. Rxf5+ Kg6 49. Rg5+ Kf6 50. Ke3 h6 51. Rf5+ Kg6 52. Rd5 Rg1 53.
Nf5 Re1+ 54. Kxd3 Rd1+ 55. Ke4 Rxd5 56. Ne7+ Kh5 57. Nxd5 Kg4 58. Ne3+ Kxg3 59.
Nf5+ Kg4 60. Nxg7 h5 61. Nxh5 1-0

[Event "XVII OOM Podlaskie - Chlopcy"]
[Site "Suwalki"]
[Date "2011.04.21"]
[Round "10.2"]
[White "Koitka, Jakub"]
[Black "Marczuk, Dominik"]
[Result "1-0"]
[WhiteElo "1887"]
[BlackElo "1918"]
[PlyCount "57"]
[EventDate "2011.??.??"]

1. e4 c5 2. Nf3 Nc6 3. c3 d5 4. exd5 Qxd5 5. d4 e5 6. Bb5 cxd4 7. Qe2 Bd7 8.
cxd4 Nxd4 9. Nxd4 Bb4+ 10. Bd2 Bxd2+ 11. Nxd2 Qxd4 12. O-O O-O-O 13. Nf3 Bxb5
14. Qxb5 Qd5 15. Rac1+ Kb8 16. Rc5 Qd7 17. Nxe5 Qxb5 18. Rxb5 a6 19. Nc6+ Kc7
20. Nxd8 Kxd8 21. Rxb7 Kc8 22. Rxf7 Nf6 23. Rxg7 Rd8 24. Ra7 Rd6 25. h3 Kb8 26.
Rf7 h5 27. Re1 Kc8 28. g4 hxg4 29. hxg4 1-0

[Event "XVII OOM Podlaskie - Chlopcy"]
[Site "Suwalki"]
[Date "2011.04.21"]
[Round "10.3"]
[White "Snihur, Piotr"]
[Black "Khamidov, Komil"]
[Result "0-1"]
[WhiteElo "1818"]
[BlackElo "2037"]
[PlyCount "92"]
[EventDate "2011.??.??"]

1. e4 e5 2. Nf3 Nc6 3. Bb5 a6 4. Ba4 Nf6 5. O-O b5 6. Bb3 Bc5 7. c3 d6 8. a4
Bb7 9. d4 Bb6 10. Re1 O-O 11. Na3 h6 12. d5 Ne7 13. axb5 Ng4 14. Be3 Nxe3 15.
fxe3 axb5 16. Nxb5 Rxa1 17. Qxa1 c6 18. Na3 cxd5 19. exd5 Nxd5 20. Nc4 Nxe3 21.
Nxe3 Bxe3+ 22. Rxe3 Qb6 23. Qc1 Qxb3 24. c4 Qb6 25. Kh1 Rc8 26. b3 f5 27. Qd2
Ra8 28. h4 e4 29. Nd4 Ra1+ 30. Kh2 Qc5 31. Rg3 Qe5 32. Ne2 Kh7 33. Qf4 Re1 34.
Qxe5 dxe5 35. Ng1 e3 36. h5 f4 37. Rg6 e2 38. Nxe2 Rxe2 39. Kg1 Rb2 40. Rb6
Rxg2+ 41. Kf1 Bf3 42. Re6 e4 43. c5 Rh2 44. Kg1 Rg2+ 45. Kf1 e3 46. c6 Rh2 0-1

[Event "XVII OOM Podlaskie - Chlopcy"]
[Site "Suwalki"]
[Date "2011.04.21"]
[Round "10.4"]
[White "Eggink, Ryszard"]
[Black "Ulanowski, Karol"]
[Result "1/2-1/2"]
[WhiteElo "1914"]
[BlackElo "1919"]
[PlyCount "83"]
[EventDate "2011.??.??"]

1. e4 c5 2. Nf3 d6 3. d4 cxd4 4. Nxd4 Nf6 5. Nc3 a6 6. Be2 e6 7. O-O Be7 8. Be3
Qc7 9. f4 O-O 10. Kh1 b5 11. Bf3 Bb7 12. e5 dxe5 13. fxe5 Nfd7 14. Bf4 Nc6 15.
Bxc6 Bxc6 16. Qg4 Rfe8 17. Bh6 Bf8 18. Nxc6 Qxc6 19. Ne4 Re7 20. Bg5 Nxe5 21.
Qg3 Qxe4 22. Bxe7 Bxe7 23. Rae1 Qxc2 24. Qxe5 Bf6 25. Re2 Qd3 26. Qh5 Rc8 27.
Qf3 Qxf3 28. gxf3 Bd4 29. f4 a5 30. Rd1 Bf6 31. Kg2 h6 32. Rdd2 Rc4 33. Kf3 Rb4
34. b3 a4 35. Re4 Rxe4 36. Kxe4 axb3 37. axb3 b4 38. Rd7 Bc3 39. Rb7 g6 40. h3
Kg7 41. Rd7 Kf8 42. Rb7 1/2-1/2

[Event "XVII OOM Podlaskie - Chlopcy"]
[Site "Suwalki"]
[Date "2011.04.21"]
[Round "10.5"]
[White "Kowalczyk, Mariusz"]
[Black "Kaczmarek, Aleksander"]
[Result "1/2-1/2"]
[WhiteElo "1765"]
[BlackElo "2036"]
[PlyCount "117"]
[EventDate "2011.??.??"]

1. Nf3 c5 2. g3 g6 3. Bg2 Bg7 4. O-O Nc6 5. d3 Nf6 6. Nbd2 d6 7. e4 e5 8. a4 h6
9. Ne1 g5 10. Nc4 Be6 11. Ne3 Qd7 12. c3 d5 13. exd5 Nxd5 14. N1c2 Rd8 15. Nxd5
Bxd5 16. Ne1 O-O 17. f4 gxf4 18. gxf4 Bxg2 19. Kxg2 f5 20. Qf3 Qe6 21. Kh1 c4
22. Rg1 Rd7 23. dxc4 e4 24. Qe2 Na5 25. Be3 Nxc4 26. Bd4 Rff7 27. Rd1 Kh7 28.
b3 Nb6 29. Nc2 Nd5 30. Bxg7 Rxg7 31. Nd4 Qf6 32. Qh5 Nxf4 33. Rxg7+ Rxg7 34.
Qxf5+ Qxf5 35. Nxf5 Rf7 36. Ng3 Re7 37. Re1 Nd3 38. Re3 Kg6 39. Kg1 Nc5 40. b4
Nxa4 41. Nxe4 Nb6 42. Rg3+ Kf5 43. Nc5 Nd5 44. Rd3 Nf4 45. Rf3 Re1+ 46. Kf2
Re2+ 47. Kg1 Rg2+ 48. Kh1 Rd2 49. Kg1 b6 50. Ne6 Kxe6 51. Rxf4 Rc2 52. c4 a5
53. bxa5 bxa5 54. Rh4 a4 55. Rxh6+ Kf5 56. Ra6 Rxc4 57. Kf2 Kf4 58. Ke2 Ke4 59.
Kd2 1/2-1/2

[Event "XVII OOM Podlaskie - Chlopcy"]
[Site "Suwalki"]
[Date "2011.04.21"]
[Round "10.6"]
[White "Piotrowski, Przemyslaw"]
[Black "Jarmula, Lukasz"]
[Result "1-0"]
[WhiteElo "1927"]
[BlackElo "1852"]
[PlyCount "127"]
[EventDate "2011.??.??"]

1. Nf3 Nf6 2. d4 g6 3. g3 Bg7 4. Bg2 O-O 5. c4 d5 6. O-O c6 7. Nc3 Bf5 8. cxd5
Nxd5 9. Re1 Nxc3 10. bxc3 Be4 11. Qb3 Qb6 12. Ba3 Re8 13. Bc5 Qxb3 14. axb3 Na6
15. Ba3 Nc7 16. Nd2 Bxg2 17. Kxg2 Nb5 18. Bb2 e5 19. e3 exd4 20. exd4 Rxe1 21.
Rxe1 c5 22. dxc5 Bxc3 23. Bxc3 Nxc3 24. Re7 b6 25. cxb6 axb6 26. Nc4 b5 27. Nd6
Ra3 28. Nxf7 Rxb3 29. Nh6+ Kh8 30. g4 Nd5 31. Re4 g5 32. Nf7+ Kg7 33. Nxg5 Rb4
34. Ne6+ Kf6 35. Rxb4 Nxb4 36. Nd4 Kg5 37. Kg3 h5 38. f4+ Kg6 39. g5 Nd5 40.
Nxb5 Ne7 41. Nd6 Nd5 42. h4 Ne3 43. Kf3 Ng4 44. f5+ Kg7 45. Kf4 Nf2 46. Ke5
Nd3+ 47. Ke6 Nf4+ 48. Kd7 Kf8 49. f6 Ng6 50. Nf5 Kf7 51. Kd6 Kf8 52. Kd5 Kf7
53. Ke4 Kf8 54. Kf3 Kf7 55. Kg3 Nf8 56. Ng7 Kg6 57. Kf4 Nd7 58. Ke4 Nb6 59. Ne6
Nd7 60. Nf4+ Kf7 61. Nxh5 Nc5+ 62. Kf5 Nd7 63. g6+ Kf8 64. Nf4 1-0

[Event "XVII OOM Podlaskie - Chlopcy"]
[Site "Suwalki"]
[Date "2011.04.21"]
[Round "10.7"]
[White "Sliwicki, Damian"]
[Black "Kulas, Szymon"]
[Result "1-0"]
[WhiteElo "1864"]
[BlackElo "1966"]
[PlyCount "57"]
[EventDate "2011.??.??"]

1. e4 c5 2. Nf3 d6 3. d4 cxd4 4. Qxd4 Nc6 5. Bb5 Bd7 6. Bxc6 Bxc6 7. Nc3 Nf6 8.
Bg5 e6 9. O-O-O Be7 10. Qd3 O-O 11. Nd4 a6 12. f4 Qc7 13. h4 b5 14. e5 b4 15.
exf6 bxc3 16. fxe7 cxb2+ 17. Kb1 Rfc8 18. h5 h6 19. Bh4 Bd5 20. f5 Rab8 21. Nb3
a5 22. f6 a4 23. Nd4 Bc4 24. Qg3 Bxa2+ 25. Kxa2 b1=Q+ 26. Rxb1 Qc4+ 27. Ka1
Rxb1+ 28. Rxb1 Qxd4+ 29. c3 1-0

[Event "XVII OOM Podlaskie - Chlopcy"]
[Site "Suwalki"]
[Date "2011.04.21"]
[Round "10.8"]
[White "Ogonowski, Jakub"]
[Black "Niekras, Dawid"]
[Result "1/2-1/2"]
[WhiteElo "1690"]
[BlackElo "1789"]
[PlyCount "133"]
[EventDate "2011.??.??"]

1. e4 e5 2. f4 exf4 3. Nf3 d6 4. Bc4 h6 5. O-O g5 6. d4 Bg7 7. g3 g4 8. Nh4 f3
9. Be3 Nc6 10. h3 h5 11. Nxf3 gxf3 12. Qxf3 Qd7 13. Bxf7+ Kd8 14. Bxg8 Rxg8 15.
Bg5+ Ne7 16. e5 Qe6 17. Nc3 Bh6 18. Bh4 Bg5 19. Bxg5 Rxg5 20. exd6 cxd6 21.
Rae1 Qd7 22. Qf8+ Qe8 23. Ne4 Rg8 24. Qxe8+ Rxe8 25. Nxd6 Rg8 26. Kh2 Kc7 27.
Nxc8 Nxc8 28. Rf7+ Kc6 29. c4 Nd6 30. Re6 Rge8 31. d5+ Kc5 32. Rc7+ Kb6 33. Rd7
Rxe6 34. dxe6 Kc6 35. Rh7 Nxc4 36. b3 Ne5 37. Rxh5 Kd6 38. Rh6 Re8 39. Kg2 Rxe6
40. Rxe6+ Kxe6 41. g4 Kf6 42. Kg3 Nd3 43. a3 a5 44. h4 Nc5 45. b4 axb4 46. axb4
Na6 47. b5 Nc7 48. b6 Nd5 49. g5+ Kf5 50. Kf3 Nf4 51. Ke3 Ng2+ 52. Kd4 Ke6 53.
h5 Nf4 54. h6 Ng6 55. Kc5 Ke5 56. Kc4 Nf8 57. Kd3 Kf5 58. Kc4 Ke4 59. Kc5 Ke5
60. Kc4 Kd6 61. Kd3 Ke6 62. Ke4 Ng6 63. Kd4 Kf5 64. Kd5 Kxg5 65. Kd6 Kxh6 66.
Kc7 Ne5 67. Kxb7 1/2-1/2

[Event "XVII OOM Podlaskie - Chlopcy"]
[Site "Suwalki"]
[Date "2011.04.21"]
[Round "10.9"]
[White "Gajdamowicz, Patrick"]
[Black "Mucha, Piotr"]
[Result "1/2-1/2"]
[WhiteElo "1782"]
[BlackElo "1707"]
[PlyCount "77"]
[EventDate "2011.??.??"]

1. d4 Nf6 2. c4 g6 3. Nc3 Bg7 4. e4 d6 5. Be2 O-O 6. Nf3 e5 7. O-O Nc6 8. d5
Ne7 9. b4 Nd7 10. Be3 f5 11. Ng5 Nf6 12. f3 f4 13. Bf2 Ne8 14. c5 Nf5 15. Ne6
Bxe6 16. dxe6 Nd4 17. Bc4 Kh8 18. Bxd4 exd4 19. Nd5 Bf6 20. Qd3 Ng7 21. Nxf6
Qxf6 22. cxd6 cxd6 23. Rfd1 Nxe6 24. Bxe6 Qxe6 25. Qxd4+ Rf6 26. Rac1 Kg8 27.
Rc7 Rf7 28. Rxf7 Kxf7 29. Qxd6 Qxd6 30. Rxd6 Ke7 31. Rd2 Rc8 32. Kf2 Rc4 33. a3
Rc3 34. Ra2 Rb3 35. g3 g5 36. gxf4 gxf4 37. Rc2 Kd6 38. Rd2+ Ke6 39. Ra2
1/2-1/2

[Event "XVII OOM Podlaskie - Chlopcy"]
[Site "Suwalki"]
[Date "2011.04.22"]
[Round "10.10"]
[White "Mirski, Michal"]
[Black "Szymanowicz, Maksymilian"]
[Result "0-1"]
[WhiteElo "1776"]
[BlackElo "1596"]
[PlyCount "36"]
[EventDate "2011.??.??"]

1. e4 e6 2. d4 d5 3. Nd2 dxe4 4. Nxe4 Be7 5. Nf3 Nf6 6. Bd3 Nxe4 7. Bxe4 c5 8.
O-O O-O 9. Be3 Nd7 10. Qe2 Qc7 11. c3 Nf6 12. Bc2 b6 13. Rad1 Bb7 14. Ne5 Rad8
15. dxc5 Qxe5 16. cxb6 axb6 17. Rfe1 Rxd1 18. Rxd1 Bc5 0-1

[Event "XVII OOM Podlaskie - Chlopcy"]
[Site "Suwalki"]
[Date "2011.04.21"]
[Round "10.11"]
[White "Karpacz, Piotr"]
[Black "Czerw, Dawid"]
[Result "0-1"]
[WhiteElo "1747"]
[BlackElo "1761"]
[PlyCount "104"]
[EventDate "2011.??.??"]

1. d4 f5 2. g3 Nf6 3. Bg2 g6 4. Nh3 Bg7 5. Nf4 O-O 6. h4 d6 7. d5 c6 8. h5 Qe8
9. hxg6 hxg6 10. Nc3 Na6 11. Be3 Nc7 12. Qd2 c5 13. Bf3 Rb8 14. Ng2 b5 15. Bh6
Qf7 16. Bxg7 Qxg7 17. Nd1 Nd7 18. Qg5 Ne5 19. Nf4 Rf6 20. Ne3 Nf7 21. Qh4 g5
22. Nh5 gxh4 23. Nxg7 Kxg7 24. gxh4 Ne5 25. O-O-O Nxf3 26. exf3 Bd7 27. f4 Rh8
28. Rdg1+ Rg6 29. h5 Rxh5 30. Rxg6+ Kxg6 31. Rg1+ Kf7 32. b3 Rh4 33. c4 Rxf4
34. Rh1 Rxf2 35. Rh7+ Kf6 36. Rh8 Be8 37. Rf8+ Kg7 38. Rxf5 Rxf5 39. Nxf5+ Kf6
40. Ne3 Bh5 41. Kd2 b4 42. Kc1 Ne8 43. Kb2 Ng7 44. a3 a5 45. a4 Nf5 46. Nc2 Nd4
47. Na1 Kf5 48. Ka2 Ke4 49. Kb2 Kd3 50. Kb1 Kc3 51. Ka2 Bd1 52. Nc2 Bxc2 0-1